Biogas processes for sustainable development (Record no. 40883)

MARC details
000 -LEADER
fixed length control field 00410nam a2200145Ia 4500
082 ## - DEWEY DECIMAL CLASSIFICATION NUMBER
Classification number 66.074.48
Item number MAR
100 ## - MAIN ENTRY--AUTHOR NAME
Personal name Marcham, Uri
245 #0 - TITLE STATEMENT
Title Biogas processes for sustainable development
260 ## - PUBLICATION, DISTRIBUTION, ETC. (IMPRINT)
Place of publication Rome
Name of publisher FAO
Year of publication 1992
490 ## - SERIES STATEMENT
Series statement FAO agricultural services bulletin 95
650 ## - SUBJECT ADDED ENTRY--TOPICAL TERM
Topical Term Anaerobic processes
650 ## - SUBJECT ADDED ENTRY--TOPICAL TERM
Topical Term Environmental pollution
942 ## - ADDED ENTRY ELEMENTS (KOHA)
Koha item type Books
Holdings
Withdrawn status Lost status Damaged status Not for loan Home library Current library Date acquired Cost, normal purchase price Full call number Accession Number Koha item type
        RRII Library RRII Library 16/12/2021 24.00 66.074.48 MAR 21177 Books